000 00904nam a2200217Ia 4500
999 _c34598
_d34598
001 359
003 GE_BSU
005 20221130111124.0
008 181216s2007||||ge |||||||||||||| ||geo||
020 _a978999400870x
040 _cGE_BSU
041 _ageo
080 _a159.9(031) თ–42
100 _aთეზელიშვილი, სოლომონ(ბიჭი)
_916225
245 _aფსიქოლოგიური ენციკლოპედია /
_cსოლომონ (ბიჭი) თეზელიშვილი ; [პროექტის ავტ. და რედ. კოტე მიქაძე ; მთ. რედ.: გერისო კელაპტრიშვილი].
264 _aთბილისი,
_c2007.
300 _a856 გვ.;
_bილ. ;
_c29 სმ.
541 _h20ლ.
653 _aფსიქოლოგია
942 _cBK
_2udc